Πλήρες εγχειρίδιο της Java 2 : platform

Αποθηκεύτηκε σε:
Λεπτομέρειες βιβλιογραφικής εγγραφής
Κύριοι συγγραφείς: Lemay, Laura, Cadenhead, Rogers (Συγγραφέας)
Άλλοι συγγραφείς: Σαμαράς, Γιάννης Βασ., 1956- (Μεταφραστής)
Μορφή: Βιβλίο
Γλώσσα:Greek
English
Δημοσίευση: Αθήνα : Μ. Γκιούρδας, 1999.
Θέματα:
Ετικέτες: Προσθήκη ετικέτας
Δεν υπάρχουν, Καταχωρήστε ετικέτα πρώτοι!

MARC

LEADER 00000cam a2200000 i 4500
001 1/26608
008 020822s1999 gr | ||| |||| ||gre||
020 |a 9605121751 
035 |l 10068284 
040 |a GR-MY-UA  |b gre  |e aacr 
041 1 |a gre  |h eng 
082 0 |a 005.133 
100 1 |a Lemay, Laura. 
245 1 0 |a Πλήρες εγχειρίδιο της Java 2 :   |b platform /   |c Laura Lemay, Rogers Cadenhead ; απόδοση Γιάννης Β. Σαμαράς.  
260 |a Αθήνα :   |b Μ. Γκιούρδας,   |c 1999.  
300 |a xxi,907 σ. ;   |c 24 εκ.   |e + 1 οπτική δισκέτα λέιζερ Η/Υ (εγχρ. ; 4 3/4 ιν.).  
500 |a Τίτλος πρωτοτύπου: SAMS teach yourself Java 2 platform in 21 days 
504 |a Περιέχει ευρετήριο 
650 0 0 |a Java (Computer program language) 
700 1 |a Cadenhead, Rogers,  |e aut 
700 1 |a Σαμαράς, Γιάννης Βασ.,   |d 1956-  |e trl 
852 |a INST  |b SAMOS  |e 20020822  |h 005.133 LEM  |p 005300019990  |q 005300019990  |t BK  |y 0 
852 |a INST  |b SAMOS  |e 20020822  |h 005.133 LEM  |p 005300019991  |q 005300019991  |t BK  |y 0 
852 |a INST  |b SAMOS  |e 20020822  |h 005.133 LEM  |p 005300019992  |q 005300019992  |t BK  |y 0 
852 |a INST  |b SAMOS  |e 20020822  |h 005.133 LEM  |p 005300019993  |q 005300019993  |t BK  |y 0 
852 |a INST  |b SAMOS  |e 20020822  |h 005.133 LEM  |p 005300020013  |q 005300020013  |t BK  |y 23 
852 |a INST  |b SAMOS  |e 20020822  |h 005.133 LEM   |p 005300020012  |q 005300020012  |t BK  |y 23 
852 |a INST  |b SAMOS  |e 20020822  |h 005.133 LEM   |p 005300024478  |q 005300024478  |t BK  |y 0 
852 |a INST  |b SAMOS  |e 20020822  |h 005.133 LEM   |p 005300024479  |q 005300024479  |t BK  |y 0 
852 |a INST  |b SAMOS  |e 20020822  |h 005.133 LEM   |p 005300024480  |q 005300024480  |t BK  |y 0 
852 |a INST  |b SAMOS  |e 20020822  |h 005.133 LEM   |p 005300024481  |q 005300024481  |t BK  |y 0 
901 |a BIBL3-2002-2 
909 |a Σ  |b 087538 
909 |a Σ  |b 087539 
909 |a Σ  |b 087566 
909 |a Σ  |b 087567 
909 |a Σ  |b 087568 
909 |a Σ  |b 087569 
909 |a Σ  |b 087570 
909 |a Σ  |b 087571 
909 |a Σ  |b 087572 
909 |a Σ  |b 087573 
970 |a ΚΟΣΙΕΡΗΣ  |b ΧΡΗΣΤΟΣ  |z 2002/08/22